| 000 | 00679nam a2200229 u 4500 | ||
|---|---|---|---|
| 005 | 20210223132853.0 | ||
| 008 | 160316s2003 es r 000 0 spa d | ||
| 020 | _a8496249166 | ||
| 035 | _aUPN01000209102 | ||
| 049 | _aC | ||
| 050 | 4 |
_aN6415 B3 _bC3.2 |
|
| 100 | 1 |
_aCamacho, Rosario _939080 |
|
| 245 | 1 | 0 |
_aBarroco / _cRosario Camacho, Cristóbal Belda Navarro, María Isabel Alvaro Zamora. |
| 260 |
_aMadrid : _bDastin Sport, _c2003. |
||
| 300 |
_a133 p. : _bil. col. |
||
| 440 | 3 | _aEl arte | |
| 650 | 4 |
_aARTE BARROCO _92445 |
|
| 700 | 1 |
_aBelda Navarro, Cristóbal, _ecoaut. |
|
| 700 | 1 |
_aAlvaro Zamora, María Isabel, _ecoaut. |
|
| 905 | _aLibro | ||
| 999 |
_c181203 _d181203 |
||